Human factor position in rise and demonstration of accidents

Guardado en:
Detalles Bibliográficos
Autor principal: Zánická Hollá, Katarína
Otros Autores: Moricová, Valéria
Formato: Capítulo de libro
Lenguaje:inglés
Etiquetas: Agregar Etiqueta
Sin Etiquetas, Sea el primero en etiquetar este registro!

MARC

LEADER 00000naa a2200000 4500
001 0174054
005 20220715120530.1
041 0 |a eng 
044 |a SK 
245 1 0 |a Human factor position in rise and demonstration of accidents  |c Katarína Zánická Hollá, Valéria Moricová 
100 1 |a Zánická Hollá, Katarína 
700 1 |a Moricová, Valéria